000 05102nam a2200325 4500
003 OSt
005 20260514092804.0
008 260514b |||||||| |||| 00| 0 aze d
040 _aAZ-XaKU
_brus
_cAZ-XaKU
041 0 _arus
050 1 4 _aG155 .Az37 2012 rus.
100 1 _aАзизов, А.А.,
_emüəllif.
245 1 _aПредпринимательство в туризме Азербайджана
_c/ А.А.Азизов ; Hаучный редактор И.М.Аббасов ; pецензенты А.Т.Ахмедов, З.М.Мамедова
264 _aБаку:
_bМонография,
_c2012.
300 _a307 səhifə ;
_bsxem, cədvəl,
_c20.5 sm.
336 _atext
_btxt
_2rdacontent
337 _aunmediated
_bn
_2rdamedia
338 _avolume
_bnc
_2rdacarrier
500 _aМонография посвящается 20-летию Бакинского Университета Бизнеса.
504 _aƏdəbiyyat siyahısı: s.299-304
505 0 _aВведение -- Глава 1. Теоретические вопросы предпринимательской деятельности -- Глава 2. Анализ состояния и пути развития предпринимательских структур в туристской отрасли -- Глава 3. Формирование и развитие инфраструктурного обеспечения предпринимательской деятельности в туризме -- Глава 4. Развитие предпринимательства в туризме одно из главных направлений в решении социальных проблем -- Глава 5. Система стимулирования трудовой деятельности персонала в предпринимательских структурах туризма -- Глава 6. Роль государства в развитии предпринимательской деятельности в туризме -- Глава 7. Этика предпринимательства -- Словарь терминов и понятий -- Список использованной литературы.
520 0 _aМонография посвящена вопросам предпринимательской деятельности в туристской отрасли экономики Азербайджана. Рассмотрены основы системы предпринимательства в сфере туризма и ее роль в социально-экономическом развитии страны. Показано влияние развития туристского предпринимательства на занятость, уровень и качество жизни населения. Предлагается комплекс мер по инфраструктурному обеспечению предпринимательства в туризме. Значительное внимание уделено основным направлениям государственного регулирования предпринимательской деятельности туризма. Автор выражает особую благодарность доктору экономических наук, профессору, ректору Бакинского Университета Бизнеса И.М.Аббасову за создание благоприятных условий, за научные советы и поддержку, которые способствовали написанию данной монографии. Благодаря разносторонней научной деятельности профессора И.М.Аббасова, который на протяжении многих лет плодотворно трудится над теоретическим осмыслением проблем современной экономической науки появилась возможность получить немало ценных замечаний и рекомендаций в ходе работы над монографией. Совместная эмпирическая работа дала направление для размышлений над множеством проблем предпринимательской деятельности в туризме.
521 _aМонография рассчитана на специалистов, занимающихся предпринимательской деятельностью, преподавателей, аспирантов, магистров и студентов.
650 7 _aTurizm
_2AZ-XaKU
700 1 _aАббасов, И.М.,
_eHаучный редактор.
700 1 _aАхмедов, А.Т.,
_epецензенты.
700 1 _aМамедова, З.М.,
_epецензенты.
942 _cBOOK
999 _c468
_d468